LEADER 00807nam a2200217 i 4500 001 000000164370 003 CaOOAMICUS 005 20070912000000.0 008 070912s1942 it u000 u ita u 013 $a141738 040 $aSeMil$bita 100 1 $aGallarati Scotti, Tommaso,$d<1878-1966>.$0(OLS)http://semarc/name/35356 245 13$aLa confessione di Flavio Dossi :$bromanzo /$cTommaso Gallarati Scotti. 250 $a2. Ed. 260 $a[Milano] :$bGarzanti,$c1942. 300 $a237 p. ;$c19 cm. 850 $aSeMil 852 $aSeMil$W1$xVenegono$y1$m1B I 409$j236097$B115637$CSeMilBibl$Z2$F126520 $81 961 $aRecupero: Altro 996 $6245$aLa confessione di Flavio Dossi :$bromanzo$9(OLS)http://semarc/title/234512 996 $6260$a[Milano] :$bGarzanti$9(OLS)http://semarc/publisher/31829 LEADER 00871nam a2200205 i 4500 001 000000066578 003 CaOOAMICUS 005 20100629000000.0 008 100629s1964 xx u000 u fre u 013 $a37750 040 $aSeMil$bita 245 14$aLes trois dernières apparitions :$bdu 5 mars au 16 julliet 1858. 300 $a300 p., [16] p. di tav. 650 4$aMadonna - Apparizioni - Lourdes.$0(OLS)http://semarc/subject/8481 700 1 $aLaurentin, René,$d<1917-2017>.$0(OLS)http://semarc/name/89095 773 0 $aLaurentin, René <1917-2017>$tLourdes.$dParis : Lethielleux, 1961-1964.$g6$w()1177 850 $aSeMil 852 $aSeMil$W1$xVenegono$y1$m3H IV 170$j32731$B32731$CSeMilBibl$Z2$F32734 $81 961 $aOmaggio: Patti mons. Francesco 996 $6245$aLes trois dernières apparitions :$bdu 5 mars au 16 julliet 1858$9(OLS)http://semarc/title/105896